| 000 | 00808cam a2200193 4500 | ||
|---|---|---|---|
| 001 | WS120480 | ||
| 008 | 021115n 000 0 eng u | ||
| 035 | _a(Sirsi) u120480 | ||
| 110 |
_aScottish Energy Efficiency Office _94383 |
||
| 245 | _aScottish Energy Efficiency Office | ||
| 520 | _aWeb site for this Scottish organisation which aims to advice domestic and commercial energy users on how to save money on energy. Includes details of the climate change levy and how to cut energy waste. | ||
| 650 | _aSCOTLAND | ||
| 650 | _aELECTRICITY | ||
| 650 | _aHEATING | ||
| 650 | _aGOVERNMENT | ||
| 690 | _aENVIRONMENTAL AND LAND CONSULTANCY-ENERGY-ENERGY USE-ENERGY EFFICIENCY | ||
| 856 | 4 | 0 |
_uhttps://www.energy-efficiency.org _zView the website free of charge at www.energy-efficiency.org... |
| 942 | _n0 | ||
| 999 |
_c120227 _d120227 |
||